| 000 | 02558cam a2200553 i 4500 | ||
|---|---|---|---|
| 001 | sjds2065882 | ||
| 003 | sjds | ||
| 005 | 20180627153230.0 | ||
| 008 | 160304s2017 maua a 000 1 spa | ||
| 010 | _a 2016009138 | ||
| 020 |
_a9781580897860 _q(softcover) |
||
| 020 |
_a158089786X _q(softcover) |
||
| 020 |
_a9781580897976 _q(reinforced for library use) |
||
| 020 |
_a1580897975 _q(reinforced for library use) |
||
| 035 | _a1288394 | ||
| 035 | _a(OCoLC)944339598 | ||
| 035 | _a(OCoLC)ocn944339598 | ||
| 035 | _a1288394 | ||
| 040 |
_aNJQ/DLC _beng _erda _cZQP _dDLC _dOCLCF |
||
| 041 | 1 |
_aspa _heng |
|
| 042 |
_alcac _apcc |
||
| 049 | _aIFAA | ||
| 099 | _f2017 | ||
| 999 |
_c21057 _d21057 |
||
| 999 | _bESPANOL PICTURE BOOKS MCQUINN 2017 | ||
| 100 | 1 |
_aMcQuinn, Anna, _eauthor. |
|
| 240 | 1 | 0 |
_aLola plants a garden. _lSpanish |
| 245 | 1 | 0 |
_aLola planta un jardín / _cAnna McQuinn ; ilustrado por Rosalind Beardshaw ; translated by Carlos E. Calvo. |
| 260 |
_aWatertown, MA : _bCharlesbridge, _c[2017] |
||
| 264 | 1 |
_aWatertown, MA : _bCharlesbridge, _c[2017] |
|
| 300 |
_a1 volume (unpaged) : _bcolor illustrations ; _c25 cm |
||
| 336 |
_atext _btxt _2rdacontent |
||
| 336 |
_astill image _bsti _2rdacontent |
||
| 337 |
_aunmediated _bn _2rdamedia |
||
| 338 |
_avolume _bnc _2rdacarrier |
||
| 520 | _aInspired by a collection of garden poems, Lola wants to grow her own garden of silver bells and cockle shells and pretty maids in a row. Lola plants a flower garden with her parent's help, and watches it grow. | ||
| 520 | _aSpanish translation of English summary: Inspirada en una colección de poemas de jardín, Lola quiere cultivar su propio jardín de campanas de plata y cáscaras de berberechos y bonitas criadas en fila. Lola planta un jardín de flores con la ayuda de sus padres y observa cómo crece. | ||
| 526 | 0 |
_aAccelerated Reader AR _bLG _c1.5 _d0.5 _z169210. |
|
| 546 | _aText in Spanish = Texto en español. | ||
| 650 | 0 |
_aFlower gardening _vJuvenile fiction. |
|
| 650 | 0 |
_aAfrican American girls _vJuvenile Fiction. |
|
| 650 | 0 |
_aAfrican American families _vJuvenile fiction. |
|
| 650 | 7 |
_aJardinería de flores _vNovela juvenil. _2bidex |
|
| 650 | 7 |
_aChicas afronorteamericanos _vNovela juvenil. _2bidex |
|
| 650 | 7 |
_aFamilias afroamericanas _vNovela juvenil. _2bidex |
|
| 700 | 1 |
_aBeardshaw, Rosalind, _eillustrator. |
|
| 700 | 1 |
_aCalvo, Carlos E., _etranslator. |
|
| 776 | 0 | 8 |
_iOnline version: _aMcQuinn, Anna. _tLola planta un jardin. _bFirst US edition. _dWatertown, MA : Charlesbridge, [2017] _z9781632895936 _w(DLC) 2016012105 |
| 942 | _cBK | ||